Military operation research (Record no. 313104)

MARC details
000 -LEADER
fixed length control field 00502 a2200193 4500
005 - DATE & TIME
control field 20240524163432.0
008 - FIXED-LENGTH DATA ELEMENTS--GENERAL INFORMATION
fixed length control field 240521b |||||||| |||| 00| 0 eng d
020 ## - ISBN
International Standard Book Number 9789389117431
Price Rs. 1795.00
040 ## - CATALOGING SOURCE
Original cataloging agency VIVEKANANDA LIBRARY
082 ## - DDC NUMBER
Classification number 355.4
Book Number R129M
100 ## - MAIN ENTRY--PERSONAL NAME
Personal name Rahimuddin
245 ## - TITLE STATEMENT
Title Military operation research
260 ## - PUBLICATION, DISTRIBUTION, ETC. (IMPRINT)
Name of publisher, distributor, etc City Publication
Date of publication, distribution, etc 2023
Place of publication, distribution, etc Delhi
300 ## - PHYSICAL DESCRIPTION
Pages ix, 246
650 ## - Subject
Subject Military Science
650 ## - Subject
Subject Defence Studies
650 ## - Subject
Subject Military Operation Research
942 ## - ADDED ENTRY ELEMENTS (KOHA)
Koha item type Books
Holdings
Withdrawn status Lost status Source of classification or shelving scheme Damaged status Not for loan Location (home branch) Sublocation or collection (holding branch) Date acquired Koha issues (times borrowed) Koha full call number Accession No. Koha date last seen Koha item type
    Dewey Decimal Classification     VIVEKANANDA LIBRARY VIVEKANANDA LIBRARY 22/02/2024   355.4 R129M 435251 22/02/2024 Books
© Designed and Maintained by Vivekananda Library, MDU Rohtak